Brilantná Cappella

Bibliographic Details
Main Author: Ursínyová, Terézia, 1942- (Author)
Format: Article
Language:Slovak
PhysicalDescription:Fotogr.
ISSN:1335-4140
Subjects:

MARC

LEADER 00000nab a2200000 a 4500
001 vtls000822710
003 SK-MaSNL
005 20260426082125.0
008 250429c2002 xo 0 slo
015 |a SNBRB2003/01-02012 
035 |a CLN000174365 
035 |a urn:nbn:sk:snk-ab21nq 
035 |a (urnnbn)urn:nbn:sk:snk:ar-a01ex4 
035 |a (uuid)f3c096f1-02f2-497f-9dc8-3b6e154b2331 
040 |a SNKBUCL  |b slo  |c SNKBUCL  |e AACR2 
041 0 |a slo 
044 |a xo  |c SK 
080 |a 78.071.2:785.7:061.7  |2 1997 
100 1 |a Ursínyová, Terézia,  |d 1942-  |4 aut  |9 103725 
245 1 0 |a Brilantná Cappella  |c Terézia Ursínyová 
300 |b Fotogr. 
610 2 7 |a Cappella Istropolitana (komorný orchester)  |2 SNKKA  |9 33403 
651 7 |a Bratislava (Slovensko)  |2 snkbucl  |9 14568 
655 7 |a články z novín a časopisov  |2 snkbucl  |9 267496 
773 0 |t Hudobný život  |g Roč. 34, č. 12 (2002), s. 16  |x 1335-4140 
850 |a Slovenská národná knižnica 
852 |a Slovenská národná knižnica 
954 |a odborná, vedecká literatúra pôvodná (slovenská)  |2 lita 
958 |a article27 
958 |a OND 
958 |a SK 
958 |a EUIPO 
992 |a RBX 
999 |c 2863613  |d 2865543